000 03043cam a2200457Ia 4500
001 752775534
003 OCoLC
005 20210411102559.0
008 110419s2012 nyua b 001 0 eng d
015 _aGBB152339
_2bnb
016 7 _a015798583
_2Uk
020 _a9780071624947 (pbk.)
020 _a0071624945 (pbk.)
035 _a(OCoLC)752775534
_z(OCoLC)659763911
040 _aUKMGB
_cUKMGB
_dBTCTA
_dYDXCP
_dOCLCO
_dABH
_dVAM
049 _aYYEA
_aVZYM
080 _a614
_bP-32
096 _aWB 290 P273 2012
245 0 4 _aThe patient history :
_ban evidence-based approach to differential diagnosis /
_cedited by Mark C. Henderson ; Lawrence M. Tierney, Jr. ; Gerald W. Smetana.
250 _a2nd ed.
260 _aNew York ;
_aLondon :
_bMcGraw-Hill Medical,
_c2012.
300 _axiv, 738 p. :
_bill. ;
_c28 cm.
365 _b18.02 usd
500 _aEINSTEIN: also available online via AccessMedicine. See Reference staff for assistance.
500 _aMMC: available online via AccessMedicine. See Reference staff for assistance.
504 _aIncludes bibliographical references and index.
505 0 _aHistory and physical examination: art and science -- Subtleties of medical history taking -- Patient-centered interviewing -- Clinician-centered interviewing -- Evidence-based clinical decision making -- Dizziness -- Fatigue -- Fever -- Headache -- Insomnia -- Lymphadenopathy -- Night sweats -- Muscle weakness -- Weight gain -- Weight loss -- Red eye -- Ear pain -- Hearing loss -- Tinnitus -- Sore throat -- Inflammatory dermatoses (rashes) -- Pruritus -- Hair loss -- Cough -- Dyspnea -- Hemoptysis -- Chest pain -- Palpitations -- Syncope -- Edema -- Abdominal pain -- Constipation -- Diarrhea -- Dysepsia -- Dysphagia -- Acute gastrointestinal bleeding -- Jaundice -- Nausea and vomiting -- Anorectal pain -- Dysuria -- Hematuria -- Flank pain -- Erectile dysfunction -- Urinary incontinence -- Scrotal pain -- Amenorrhea -- Breast complaints -- Pelvic pain -- Vaginitis -- Abnormal vaginal bleeding -- Neck pain -- Shoulder pain -- Arm and hand pain -- Low back pain -- Buttock, hip, and thigh pain -- Knee and calf pain -- Foot and ankle pain -- Confusion -- Memory loss -- Diplopia -- Gait abnormalities -- Tremor -- Anxiety -- Depressed mood -- The case presentation.
590 _ac.1 10062543 Ritt 8/21/12 $50.00.
650 2 _aMedical History Taking.
650 2 _aEvidence-Based Medicine.
653 _aჯანდაცვა
653 _aპაციენტის ისტორიის შეკრება
655 7 _aElectronic books.
700 1 _aHenderson, Mark C.
700 1 _aTierney, Lawrence M.
700 1 _aSmetana, Gerald W.
710 2 _aAccessMedicine (Online service)
856 4 0 _uhttps://elibrary.einsteinmed.org/login?url=https://accessmedicine.mhmedical.com/book.aspx?bookid=500
_zEINSTEIN: AccessMedicine ebook collection
856 4 1 _uhttps://accessmedicine.mhmedical.com/book.aspx?bookid=500
_zMMC: AccessMedicine ebook collection
942 _2udc
_cBK
_e2
999 _c35
_d35